000 00529nam a22001697a 4500
005 20231108074014.0
008 231108b |||||||| |||| 00| 0 eng d
020 _a0702115096
041 _aEnglish
082 _a346.4 SIN
100 _aSinclair, JD
_lEnglish
245 _aAn Introduction to the Matrimonial Property Act 1984 /
_cJD Sinclair
260 _aCape Town :
_bJuta and Company Ltd,
_c1984
300 _bix, 102 pages ;
_c23 cm.
650 _aLegal practice
_bLaw
942 _cBK
_6ALISON_BN_VRIES
999 _c400
_d400